|
|
|
|
| LEADER |
00000nab a2200000 a 4500 |
| 001 |
vtls001492011 |
| 003 |
SK-MaSNL |
| 005 |
20260303075340.0 |
| 008 |
050203c2005 xo wr|p|||||||000 b|slo |
| 015 |
|
|
|a SNKBUCL2005/02
|2 snkbucl
|
| 038 |
|
|
|a SNKBUCL
|
| 040 |
|
|
|a SNKBUCL
|b slo
|c SNKBUCL
|e AACR2
|
| 041 |
0 |
|
|a slo
|
| 044 |
|
|
|a xo
|c SK
|
| 080 |
|
|
|a 796.8.093.1
|x (100)
|2 UDC-MRF-SK2
|
| 100 |
1 |
|
|a Čapla, Milan,
|d 1939-
|4 aut
|9 191623
|
| 245 |
1 |
0 |
|a Historický úspech Slovenska
|c Milan Čapla, Milan Svoboda
|
| 300 |
|
|
|b Fotogr.
|
| 611 |
2 |
7 |
|a Majstrovstvá sveta v pretláčaní rukou
|d (2004 :
|c Durban, Juhoafrická republika)
|2 snkbucl
|9 1079697
|
| 650 |
0 |
7 |
|a armwrestling
|2 snkbucl
|9 13963
|
| 700 |
1 |
|
|a Svoboda, Milana
|4 aut
|9 1079698
|
| 773 |
0 |
|
|t Muscle a fitness
|g Roč. XV, č. 2 (2005), s. 106
|x 1335-0730
|
| 852 |
|
|
|a SNK
|b KIS3GCP
|
| 999 |
|
|
|c 1775421
|d 1777351
|